header

New technology-based firms in the new millennium (Record no. 134578)

MARC details
000 -LEADER
fixed length control field 01433nam a2200361Ia 4500
245 00 - TITLE STATEMENT
Title New technology-based firms in the new millennium
260 ## - PUBLICATION, DISTRIBUTION, ETC. (IMPRINT)
Place of publication Amsterdam ;
-- Oxford :
Name of publisher Pergamon ;
Place of publication Bingley :
Name of publisher Emerald,
Year of publication 2010.
300 ## - PHYSICAL DESCRIPTION
Number of Pages viii, 229 p. :
Other physical details ill.
650 #0 - SUBJECT ADDED ENTRY--TOPICAL TERM
Topical Term High technology industries.
Topical Term New business enterprises
Topical Term Small business
Topical Term Strategic alliances (Business)
Topical Term Technological innovations
700 1# - ADDED ENTRY--PERSONAL NAME
Personal name During, W. E.
Personal name Groen, Aard.
Personal name Kauser, Saleema.
Personal name Oakey, R. P.
856 40 - ELECTRONIC LOCATION AND ACCESS
Uniform Resource Identifier http://site.ebrary.com/lib/rucke/Doc?id=10440371

No items available.

© 2026 Rongo University
Contact us: librarian | system librarian | Rongo university